000 00814nam a2200265Ia 4500
003 OSt
005 20221005062348.0
006 a|||||r|||| 00| 0
007 ta
008 221004b |||||||| |||| 00| 0 eng d
020 _a9780367137571 (hbk)
_cINR 895.00
024 _a43264
037 _b168, 21/02/2019, Classic Book Service
_cTextual
040 _aCRL
_cCRL
_beng
041 _2eng
_aeng
082 _aY15.2'J, Q9
100 _aVerma Anjali Au.
_9601757
245 0 _aWomen and society in early medieval India
_b re-interpreting epigraphs
260 _aLondon
_bRoutledge UK
_c2019
300 _axiv,266p.
_ccm.
650 _a WOMEN
650 _aSOCIOLOGY
942 _hY15.2'J, Q9
_cTEXL
_2cc
999 _c969587
_d969587